|
|
|
|
| LEADER |
00875nam a2200241 4500 |
| 001 |
c000073934 |
| 003 |
CARM |
| 005 |
00000000000000.0 |
| 008 |
741003s1974 enk 00011 eng |
| 015 |
|
|
|a GB74-16254
|
| 019 |
1 |
|
|a 342512
|5 LACONCORD2021
|
| 020 |
|
|
|a 0491017006
|
| 035 |
|
|
|a (OCoLC)1092236
|5 LACONCORD2021
|
| 050 |
0 |
0 |
|a PZ4.B8122
|b Vi
|a PR6052.R2627
|
| 100 |
1 |
|
|a Brady, Terence.
|
| 245 |
1 |
0 |
|a Victoria and company
|c [by] Terence Brady and Charlotte Bingham.
|
| 260 |
|
|
|a London,
|a New York,
|b W. H. Allen,
|c 1974.
|
| 300 |
|
|
|a [4], 232 p.
|c 21 cm.
|
| 700 |
1 |
|
|a Bingham, Charlotte,
|d 1942-
|e joint author.
|
| 852 |
8 |
|
|b CARM
|h A2:AD27H0
|i A00983
|p 0104888
|f BK
|
| 082 |
0 |
4 |
|a 823/.9/14
|
| 999 |
f |
f |
|i d04a35aa-9d05-50ed-8ba3-d83cf347cf9b
|s ef638378-f76c-5f11-8a5e-ded7d34680cd
|
| 952 |
f |
f |
|p Can circulate
|a CAVAL
|b CAVAL
|c CAVAL
|d CARM 1 Store
|e A00983
|f A2:AD27H0
|h Other scheme
|i book
|m 0104888
|